| 000 | 00524ntaaa2200193 4500 | ||
|---|---|---|---|
| 003 | 01 | ||
| 005 | 20251027201931.0 | ||
| 008 | 0714s1973 ag 01 | ||
| 040 |
_aAR-BaBN _bspa _cAR-BaBN _eaacr _dRIC |
||
| 082 | _a244.5000 Es8 | ||
| 100 |
_aEstrada, José R. _917827 |
||
| 245 | _aVolvió otra vez | ||
| 250 | _a1 ed. | ||
| 260 |
_aEl Paso : _bCasa Bautista de Publicaciones, _c1968 |
||
| 300 | _a32 p. | ||
| 500 | _adramas sobre la historia de la conversión del apóstol Pablo | ||
| 650 | _aDramatización | ||
| 942 | _cBK | ||
| 999 |
_c14055 _d14055 |
||